| 000 | 00637nam a2200229 a 4500 | ||
|---|---|---|---|
| 001 | BRCA_4742 | ||
| 005 | 20190320204802.0 | ||
| 008 | 071010s1927----mx-a######---#000-0#spa-# | ||
| 041 | _aspa | ||
| 044 | _amx | ||
| 050 | 4 |
_aN6550 _b.T33 2 1927 |
|
| 100 | 1 |
_aTablada, José Juan _912003 |
|
| 245 | 1 | 0 |
_aHistoria del Arte en México _cJosé Juan Tablada. |
| 260 |
_aMéxico _bÁguilas _c1927 |
||
| 300 |
_a255 p. _bil. _c30 cm. |
||
| 500 | _aEstado físico: encuadernación desprendida y deteriorada | ||
| 500 | _aEjemplar igual a CFG49 | ||
| 500 | _aD84 | ||
| 650 | 1 | 4 |
_aArte _xHistoria _zMéxico _9898 |
| 902 | _aGFM | ||
| 942 |
_2lcc _cB |
||
| 999 |
_c4440 _d4440 |
||